000 00304nam a2200121Ia 4500
008 190216s9999||||xx |||||||||||||| ||und||
100 _aDewett Kk & Adarsh Chand
245 0 _aModern Economic Theory
260 _bShyamlal Charitable Trust
_c1973
300 _a585p
650 _aEconomics
942 _cBK
999 _c9645
_d9645